| 000 | 00344nam a2200121Ia 4500 | ||
|---|---|---|---|
| 008 | 210430s9999 xx 000 0 und d | ||
| 082 | _a005.2768 A617 A | ||
| 100 |
_aAnsys, Inc _9128955 |
||
| 245 |
_aAnsys,Inc. Installation Guide for Windows _cAnsys, Inc |
||
| 260 |
_aPhoto chopy _bPublished in USA _c2007 |
||
| 300 | _a74P | ||
| 942 |
_cBK _2ddc |
||
| 999 |
_c562954 _d562954 |
||